Poemes
Saved in:
| Main Author: | |
|---|---|
| Other Authors: | , |
| Format: | Book |
| Language: | French |
| Published: |
Paris :
Gallimard,
1978
|
| Series: | Collection poesie
|
| Subjects: | |
| Tags: |
Add Tag
No Tags, Be the first to tag this record!
|
MARC
| LEADER | 00000nam a2200000 i 4500 | ||
|---|---|---|---|
| 001 | 1/21671 | ||
| 008 | 970708s1978 fre d | ||
| 020 | |a 2-07-032175-4 | ||
| 035 | |a 1995 |b 3 |c Ξανθάκη |l 10036363 | ||
| 040 | |a GR-MY-UA |b gre |e aacr | ||
| 041 | 0 | |a fre | |
| 082 | 0 | |a 889.13 | |
| 100 | 1 | |a Καβάφης, Κωνσταντίνος Π., |d 1863-1933. | |
| 245 | 1 | 0 | |a Poemes / |c Constantin Cavafy ; traduction dy grec par Marguerite Yourcenar, Constantin Dimaras |
| 260 | |a Paris : |b Gallimard, |c 1978 | ||
| 300 | |a 272 p. | ||
| 490 | 1 | |a Collection poesie | |
| 650 | 0 | 0 | |a Greek poetry, Modern |y 20th century. |
| 700 | 1 | |a Yourcenar, Marguerite. |4 trl | |
| 700 | 1 | |4 edt |a Δημαράς, Κωνσταντίνος Θ., |d 1904-1992. | |
| 830 | 0 | |a Collection poesie | |
| 852 | |a INST |b RHODES |e 19970708 |h 889.13 ΚΑΒ |p 005400011470 |q 005400011470 |t BK |y 0 | ||
| 909 | |a Ρ |b 046416 |c 1995 | ||